000 01895nam a2200325 i 4500
003 EG-GICUC
005 20260402161948.0
008 260402s1993 ua ||||f |||| 00| 0 ara d
040 _a EG-GICUC
_bara
_c EG-GICUC
_d EG-GICUC
_erda
041 _aara
082 0 4 _221
_a343.7674044
_bه د . ض
092 0 4 _221
099 _aLaw1 10 343.7674044 ه د . ض 1993
100 0 _aهدى حامد قشقوش
_eمؤلف.
245 1 0 _aضمان حقوق الانسان فى مرحلة تنفيذ الأحكام الجنائية فى فرنسا :
_bتقرير باللغة الفرنسية عن : جرائم المعلوماتية /
_cتأليف دكتورة هدى حامد قشقوش.
264 1 _aلا يوجد مكان نشر محدد :
_bلا يوجد ناشر محدد،
_c1993.
300 _aمختلف الترقيم :
_c24 سم.
336 _2rda content
_atext
337 _2rda media
_aComputer
338 _2rda carrier
_aOnline Resource
504 _a. 240-220 ببليوجرافيا: صفحات.
505 _a1-ترجمة بحث من اللغة الفرنسية للعربية عن : ضمان حقوق الانسان فى مرحلة تنفيذ الأحكام الجنائية فى فرنسا منشور ضمن أعمال مؤتمر الجمعية الدولية لقانون العقوبات 1988. 2-تقرير باللغة الفرنسية عن : جرائم المعلوماتية مقدم لمؤتمر البرازيل ومنشور بالمجلة الدولية لقانون العقوبات 1993.
546 _aالنص موازٍ باللغتين العربية والفرنسية
650 1 _aالقانون الجنائي
_zفرنسا
650 1 _aDroit pénal
_zFrance
650 1 _aحقوق النزلاء أثناء المعاملة العقابية
856 4 0 _uhttps://fll.law.cu.edu.eg/fulltext/bks/B10-07995.pdf
905 _a43
942 _2ddc
_n0
_cBK
_e21
999 _c68452
_d68452